|
|
|
|
| LEADER |
00000nab a2200000 a 4500 |
| 001 |
vtls000256346 |
| 003 |
SK-MaSNL |
| 005 |
20260302221140.0 |
| 008 |
111130c1986 xo 0 slo |
| 015 |
|
|
|a SNBRB19rr/mm-uuuuu
|
| 035 |
|
|
|a CL0266460
|
| 040 |
|
|
|a SNKBUCL
|b slo
|c SNKBUCL
|e AACR2
|
| 041 |
0 |
|
|a slo
|
| 044 |
|
|
|a xo
|c SK
|
| 080 |
|
|
|a 792.071.2
|2 1981
|
| 080 |
|
|
|a 791.44.071.2
|2 1981
|
| 080 |
|
|
|a 929 Vašek, Július
|2 1981
|
| 100 |
1 |
|
|a Straka, Milan
|4 aut
|4 ivr
|9 267783
|
| 245 |
1 |
0 |
|a Dôležitejší je vnútorný aplauz
|b Posedenie s hercom Novej scény v Bratislave Júliusom Vašekom
|c Július Vašek, Milan Straka
|
| 300 |
|
|
|b Obr. 6.
|
| 600 |
1 |
7 |
|a Vašek, Július,
|d 1926-2009
|2 snkbucl
|
| 655 |
|
7 |
|a články z novín a časopisov
|2 snkbucl
|9 267496
|
| 700 |
1 |
|
|a Vašek, Július,
|d 1926-2009
|4 aut
|4 ive
|
| 773 |
0 |
|
|t Slovensko
|g Roč. 10, č. 7 (1986), s. 18-19
|
| 850 |
|
|
|a Slovenská národná knižnica v Martine
|a MTA001
|
| 852 |
|
|
|a SNK
|b KIS3GCP
|
| 958 |
|
|
|a BX
|
| 992 |
|
|
|a RBX
|
| 999 |
|
|
|c 1510285
|d 1512215
|